000 00271nam a2200121Ia 4500
100 _aSethi/H.M
942 _cBK
654 _aAutomotive Technology
245 _aAutomotive Technology
260 _bTata McGraw Hill
_aNEW DELHI
_c1991
300 _a316
546 _aENGLISH
999 _c19977
_d19977